Arxiu Comunal de Sant Julià de Lòria / Ma. Antònia Fantova Centelles, Montse Sires Grau, Susanna Vela Palomares
ISBN:
99920-0-142-9
Descripción Física:
299 p. il. ; 24 cm
Colección:
Arxius comunals ; 1
MARC
| LEADER | 00000nam a2200000Ia 4500 | ||
|---|---|---|---|
| 001 | 11601 | ||
| 003 | BGR | ||
| 005 | 20260324175611.0 | ||
| 008 | 160829s1997 xx 000 0 cat d | ||
| 020 | |a 99920-0-142-9 | ||
| 080 | |a A-1-238 | ||
| 110 | 1 | |a Arxiu Comunal de Sant Julià de Lòria |9 70461 | |
| 245 | |a Arxiu Comunal de Sant Julià de Lòria / Ma. Antònia Fantova Centelles, Montse Sires Grau, Susanna Vela Palomares | ||
| 260 | |a Andorra la Vella : |b Arxiu Històric Nacional, |c 1997 | ||
| 300 | |a 299 p. il. ; |c 24 cm | ||
| 490 | |a Arxius comunals ; 1 | ||
| 590 | |a A peu de coberta: Monografies de l'Arxiu Històric Nacional. | ||
| 590 | |a Bibliografia. | ||
| 590 | |a Índexs | ||
| 650 | |a Arxiu Comunal de Sant Julià de Lòria |x Catàlegs |9 34669 | ||
| 700 | |a Fantova, Ma. Antònia |9 26207 | ||
| 700 | |a Sirés, Montse |9 34670 | ||
| 700 | |a Vela Palomares, Susanna |9 38427 | ||
| 710 | 1 | |a Arxiu Nacional d'Andorra |9 70452 | |
| 901 | |a Arxiu | ||
| 942 | |n 1 |2 udc |c MON | ||
| 952 | |0 0 |1 0 |4 0 |6 A1238 |7 1 |9 46605 |a Arxiu |b Arxiu |d 2016-12-01 |l 0 |o A-1-238 |p 11601 |r 2016-12-01 00:00:00 |w 2016-12-01 |y ARXIU | ||
| 999 | |c 50398 |d 50398 | ||